000 01000nam0a2200301 4500
001 RU\NLR\BIBL_A\012882830
005 20221020154321.0
010 _a978-5-04-106375-7
_93000
021 _aRU
_bКН-П-22-046255
_9КН-П-22-3993
035 _a(NLR Aleph) 012882830
090 _a12525629
_c12525629
100 _a20220906d2022 u y0rusy50 ca
101 0 _arus
102 _aRU
105 _ay|||z|||000ay
200 1 _aНенависть - плохой советчик
_e[роман]
_fЕвгения Горская
210 _aМосква
_cЭксмо
_d2022
215 _a317, [1] с.
_d17
225 1 _aТатьяна Устинова рекомендует
_fред.: А. Антонова
320 _aДр. кн. авт. на 2-й с.
333 _a16+
686 2 _aШ6(2=Р)8-446
700 1 _aГорская
_bЕ.
_gЕвгения
942 _cBOOK
980 _aNB